000 00721nam a22002657a 4500
003 CHAP
005 20220329135731.0
008 971013s1961 r 00010 d
010 _a41260
011 _a42232
035 _a46360
040 _cCHAP
082 _a382
_bF65Y
110 _aFondo Monetario Internacional
_942119
245 _aManual de la balanza de pagos
250 _a3 ed.
260 _aWashington :
_b(s.e.),
_c1961
300 _a192 p.
590 _aBATCH-UPD
_b10
_c20130110
_lUCH01
_h0126
590 _aCONVERSION
_b10
_c20130109
_lUCH01
_h1323
650 1 4 _aBalanza de pagos.
_99609
901 _aBK
942 _cLIBRO
949 _a382 F65Y
_bBC
_cLIBRO
_d33724000442000
_eLIBRO
_h7071
_i46360
_mD
_si
999 _c41260
_d41260